000
00260nam a22001097a 4500
082
_a
503 COU'D
100
_a
COULSON, C. A
_9
77225
245
_a
DICTIONARY OF THE ELECTRON CALCULATIONS
260
_a
FRANCISCO
_b
W.H.E
_c
1965
300
_a
XXX, 357P
942
_c
BK
999
_c
582530
_d
582530